00630cam a22002057a 4500003000500000005001700005008004100022010001000063011001000073035001000083040000900093082001500102100001900117245013400136260003800270300001000308490004300318650002000361830004300381CHAP20220329135515.0971013s1965 r 00010 d a37738 a38710 a42830 cCHAP a633.62bM500aMiele, Angelo. 0aThoery of optimum aerodynamic shapesb: external problems in the aerodynamics of supersonic, hypersonic, and free-molecualr flows aNew York :bAcademic Press,c1965 a455 p 0aApplied mathematics and mechanicsv; 914aAerodinámica.0 aApplied mathematics and mechanicsv; 9